<?xml version="1.0" encoding="UTF-8"?>
<record
    xmlns:xsi="http://www.w3.org/2001/XMLSchema-instance"
    xsi:schemaLocation="http://www.loc.gov/MARC21/slim http://www.loc.gov/standards/marcxml/schema/MARC21slim.xsd"
    xmlns="http://www.loc.gov/MARC21/slim">

  <leader>010660c  a2200145   4500</leader>
  <controlfield tag="001">aBCSN004614</controlfield>
  <controlfield tag="008">a       1966                        spa</controlfield>
  <datafield tag="050" ind1=" " ind2=" ">
    <subfield code="a">F1227</subfield>
    <subfield code="b">R67</subfield>
  </datafield>
  <datafield tag="100" ind1=" " ind2=" ">
    <subfield code="a">Romero Flores, Jes&#xFA;s</subfield>
  </datafield>
  <datafield tag="245" ind1=" " ind2=" ">
    <subfield code="a">Estudios hist&#xF3;ricos /</subfield>
    <subfield code="c">Jes&#xFA;s Romero Flores.</subfield>
  </datafield>
  <datafield tag="260" ind1=" " ind2=" ">
    <subfield code="a">M&#xE9;xico :</subfield>
    <subfield code="b">B. Costa Amic,</subfield>
    <subfield code="c">1966</subfield>
  </datafield>
  <datafield tag="300" ind1=" " ind2=" ">
    <subfield code="a">3 v. ;</subfield>
    <subfield code="c">20 cm.</subfield>
  </datafield>
  <datafield tag="505" ind1=" " ind2=" ">
    <subfield code="a">Contenido: v.1. Chapultepec en la historia de M&#xE9;xico, historiade la constituci&#xF3;n de Apatzing&#xE1;n, Melchor Ocampo : el fil&#xF3;sofo de laReforma, j&#xF3;venes ilustres de la historia de M&#xE9;xico, Francisco I. Madero :ap&#xF3;stol de la democracia, la revoluci&#xF3;n mexicana -- v.2. La evoluci&#xF3;n dela ense&#xF1;anza, la revoluci&#xF3;n de Ayutla la reforma social en M&#xE9;xico, lagloriosa defensa de Puebla, la etapa porfirista en el estado de Zacatecas, el periodismo en M&#xE9;xico -- v.3. Los antiguos pur&#xE9;pecha, DonVasco de Quiroga, Don Juan Jos&#xE9; Pastor Morales, Do&#xF1;a Gertrudis Bocanegra,Historia de la educaci&#xF3;n en Michoac&#xE1;n, la escuela de la educaci&#xF3;n enMichoac&#xE1;n, la escuela de medicina en Michoac&#xE1;n.</subfield>
  </datafield>
  <datafield tag="942" ind1=" " ind2=" ">
    <subfield code="2">lcc</subfield>
    <subfield code="c">LIB</subfield>
  </datafield>
  <datafield tag="999" ind1=" " ind2=" ">
    <subfield code="c">52664</subfield>
    <subfield code="d">52664</subfield>
  </datafield>
  <datafield tag="952" ind1=" " ind2=" ">
    <subfield code="1">0</subfield>
    <subfield code="2">lcc</subfield>
    <subfield code="4">0</subfield>
    <subfield code="7">0</subfield>
    <subfield code="a">LIC-020</subfield>
    <subfield code="b">LIC-020</subfield>
    <subfield code="c">GENERAL</subfield>
    <subfield code="d">2015-04-29</subfield>
    <subfield code="f">1a. ed. </subfield>
    <subfield code="i">H</subfield>
    <subfield code="k">EH</subfield>
    <subfield code="o">F1234 E88 R67 1966</subfield>
    <subfield code="p">BFF000010200</subfield>
    <subfield code="r">2015-04-29 00:00:00</subfield>
    <subfield code="t">c: 1</subfield>
    <subfield code="y">LIB</subfield>
  </datafield>
  <datafield tag="952" ind1=" " ind2=" ">
    <subfield code="1">0</subfield>
    <subfield code="2">lcc</subfield>
    <subfield code="4">0</subfield>
    <subfield code="7">0</subfield>
    <subfield code="a">LIC-020</subfield>
    <subfield code="b">LIC-020</subfield>
    <subfield code="c">GENERAL</subfield>
    <subfield code="d">2016-08-15</subfield>
    <subfield code="f">1a. ed.</subfield>
    <subfield code="i">H</subfield>
    <subfield code="k">EH</subfield>
    <subfield code="o">F1210 R65 1966</subfield>
    <subfield code="p">BFF000019666</subfield>
    <subfield code="r">2016-08-15 00:00:00</subfield>
    <subfield code="t">T.2 C:1</subfield>
    <subfield code="v">1.00</subfield>
    <subfield code="y">LIB</subfield>
  </datafield>
  <datafield tag="952" ind1=" " ind2=" ">
    <subfield code="1">0</subfield>
    <subfield code="2">lcc</subfield>
    <subfield code="4">0</subfield>
    <subfield code="7">0</subfield>
    <subfield code="a">LIC-020</subfield>
    <subfield code="b">LIC-020</subfield>
    <subfield code="c">GENERAL</subfield>
    <subfield code="d">2016-08-15</subfield>
    <subfield code="f">1a. ed.</subfield>
    <subfield code="i">H</subfield>
    <subfield code="k">EH</subfield>
    <subfield code="o">F1210 R65 1966</subfield>
    <subfield code="p">BFF000019667</subfield>
    <subfield code="r">2016-08-15 00:00:00</subfield>
    <subfield code="t">T.3 C:1</subfield>
    <subfield code="v">1.00</subfield>
    <subfield code="y">LIB</subfield>
  </datafield>
</record>
